| 000 | 00794nam a22002417a 4500 | ||
|---|---|---|---|
| 003 | OSt | ||
| 005 | 20240530110425.0 | ||
| 008 | 150323s2012 cc abdof 001 0 eng d | ||
| 020 | _a9789774164781 | ||
| 040 |
_aEG-CaGPL _cEG-CaGPL |
||
| 082 | 0 | 4 |
_221 _a932 _bCC/F A |
| 245 | 0 | 0 |
_aAncient Nubia : _bAfrican Kingdoms on The Nile / _cEdited by Marjorie M Fisher , Peter Lacovara , Salima Ikram , Sue D'Auria |
| 260 |
_aCairo : _bThe American University in Cairo Press , _c2012 . |
||
| 300 |
_a452 p. : _bill. (chiefly col.), maps ; _c30 cm. |
||
| 651 | 0 |
_aNubia _xHistory _xAncient |
|
| 651 | 0 |
_aEgypt _xAntiquities |
|
| 700 | 1 | _aFisher , Marjorie M | |
| 700 | 1 | _aLacovara , Peter | |
| 700 | 1 | _aIkram , Salima | |
| 700 | 1 | _aD'Auria , Sue | |
| 942 |
_2ddc _cBK |
||
| 999 |
_c60738 _d60738 |
||